Od tisícok k miliónom

Hráčsky agent Juraj Vengloš, ktorý bol pri všetkých futbalových kontraktoch Marka Hamšíka, približuje zákulisie biznisu - čo dokáže zvýšiť hráčovu cenu aj čo býva schované v zmluvách.

Guardado en:
Detalles Bibliográficos
Autor principal: Hinšt, Jaroslav
Otros Autores: Matijek, Peter
Formato: Capítulo de libro
Lenguaje:eslovaco
Materias:
Etiquetas: Agregar Etiqueta
Sin Etiquetas, Sea el primero en etiquetar este registro!

MARC

LEADER 00000naa a2200000 4500
001 0204858
005 20231013091706.5
041 0 |a slo 
044 |a SK 
245 1 0 |a Od tisícok k miliónom  |c Jaroslav Hinšt, Peter Matijek 
520 |a Hráčsky agent Juraj Vengloš, ktorý bol pri všetkých futbalových kontraktoch Marka Hamšíka, približuje zákulisie biznisu - čo dokáže zvýšiť hráčovu cenu aj čo býva schované v zmluvách. 
610 2 0 |a šport 
610 2 0 |a manažment 
610 2 0 |a manažéri 
610 2 0 |a financie 
610 2 0 |a reklama 
610 2 0 |a marketing 
100 1 |a Hinšt, Jaroslav 
700 1 |a Matijek, Peter